<?xml version="1.0" encoding="UTF-8"?>
<marc:record xmlns:marc="http://www.loc.gov/MARC21/slim">
   <marc:leader>00000nam a2200000 a 4500</marc:leader>
   <marc:datafield ind1="1" ind2=" " tag="100">
      <marc:subfield code="a">Valentine, Vikki</marc:subfield>
      <marc:subfield code="4">aut</marc:subfield>
      <marc:subfield code="e">Verfasser/-in</marc:subfield>
   </marc:datafield>
   <marc:datafield ind1="1" ind2=" " tag="100">
      <marc:subfield code="a">Conrad, Jim</marc:subfield>
   </marc:datafield>
   <marc:datafield ind1="0" ind2="0" tag="245">
      <marc:subfield code="a">Aerial America - Amerika von Oben - Westcoast Pacific Collection - Folge 5: Oregon</marc:subfield>
   </marc:datafield>
   <marc:datafield ind1="0" ind2="0" tag="245">
      <marc:subfield code="c">Produktion: Becky Beamer; Drehbuch: Vikki Valentine; Kamera: Thomas C. Miller; Regie: Erick Cochran; Stimme: Jim Conrad</marc:subfield>
   </marc:datafield>
   <marc:datafield ind1=" " ind2="1" tag="264">
      <marc:subfield code="a">Potsdam</marc:subfield>
      <marc:subfield code="b">filmwerte GmbH</marc:subfield>
      <marc:subfield code="c">2022</marc:subfield>
   </marc:datafield>
   <marc:datafield ind1="1" ind2=" " tag="520">
      <marc:subfield code="a">Zwischen Kalifornien und Washington liegt mit Oregon ein zwar flächenmäßig großer, von der Bevölkerungsdichte aber eher  kleinerer Staat an der Westküste des Pazifiks. Die hier einst dominierende Forstwirtschaft gab dem Staat auch seinen Beinamen "Beaver State" &#x96;  der Biberstaat. Die Landschaft ist geprägt von seiner vulkanischen Vergangenheit, wie der Crater Lake am Mount Mazama, die auffallend farbigen Gesteinsschichten der Painted Hills und auch das Kaskadengebirge eindrucksvoll verdeutlichen. Die hohen Gipfel dieses Gebirges führen durch die gesamte 300-Meile Länge des Staates, viele davon sind das ganze Jahr mit Schnee bedeckt. Westlich der Cascades liegen die wichtigsten Bevölkerungszentren des Staates, von Portland über Eugene bis zu Salem, der Hauptstadt des Bundestaates. Hier wird die Wirtschaft Oregons vor allem durch die Technologieunternehmen des "Silicon Forest" geprägt ...</marc:subfield>
   </marc:datafield>
   <marc:datafield ind1=" " ind2=" " tag="041">
      <marc:subfield code="a">ger</marc:subfield>
   </marc:datafield>
   <marc:datafield ind1=" " ind2=" " tag="300">
      <marc:subfield code="a">1 Online-Ressource (51 min), Bild: 16:9 HD</marc:subfield>
   </marc:datafield>
</marc:record>
